| 000 | 00567nam a2200181 i 4500 | ||
|---|---|---|---|
| 001 | 131901 | ||
| 003 | ES-MaACL | ||
| 005 | 20250830063102.0 | ||
| 007 | t| | ||
| 008 | 070214s1972 sp r ||||1| spa d | ||
| 100 | 1 |
_aCosta Clavell, Xavier, _d1923-2006 _941089 |
|
| 245 | 1 | 0 |
_aCómo vencer el complejo de inferioridad / _cJ. Rodríguez Mota Rossi [seud.]. |
| 260 |
_aBarcelona : _bRodegar, _c1972. |
||
| 300 |
_a126 p. ; _c17 cm. |
||
| 650 | 7 |
_aComplejos (Psicología) _2embne _9163788 |
|
| 852 |
_aES-MaACL _jC-44956 _bR.80808 |
||
| 999 |
_c131901 _d131901 |
||